00387nam a2200121 a 4500001000400000003000500004005001700009008004100026040002000067100003000087245012800117260002000245632CDMR20130116135156.0130130s1970||||||||||||||||||||||||||||d aCDMRbcatcCDMR1 aBagaria Perpiña, Teresa10aCursillo de crítica y redacción periodística en la Escuela de Artes y Técnicas de la ModacTeresa Bagaria Perpiña aBarcelonac1970